Ładuje się......

Colored cosmopolitanism

Opis bibliograficzny
1. autor: Slate , Nico
Format: Printed Book
Wydane: Ranikhet Permanent black 2012
Hasła przedmiotowe:
LEADER 00470nam a22001457a 4500
020 |a 8178243539 
082 |a 954. 035 
100 |a Slate , Nico 
245 |a Colored cosmopolitanism 
260 |a Ranikhet  |b Permanent black  |c 2012 
300 |a 321p 
650 |a Indian history 
942 |c REF 
999 |c 288526  |d 288526 
952 |0 0  |1 0  |4 0  |6 954_000000000000000__035_SLA_C  |7 0  |9 327929  |a HIS  |b HIS  |c REF  |d 2014-01-22  |g 750.00  |i 24087  |l 0  |o 954. 035 SLA / C  |p HIS24087  |r 2018-08-23  |w 2018-08-23  |y REF